Quizzes
Events
Quiz Creation
Community
Videos
Private Events
Remove Ads
Sign In
Join for FREE
Feedback
Dark Mode
Quiz Categories
Sports
Geography
Music
Movies
Television
Just For Fun
Miscellaneous
History
Literature
Language
Science
Gaming
Entertainment
Religion
Holiday
For Kids
Quiz Lab
Recent
Popular Today
Quiz Kudos Today
Editor Picks
Curator Picks
Quizzes by...
Day
Popularity
Type
Ratings
Length
Year
Community
Subscriptions
Recent Discussions
Orange Saloon
Badges
Playlists
Quests
Create
Leaderboards
Showdown
Live 5
Trivia Bingo
Activity
Puzzle Library
Sporcle Events
Private Events
Virtual Trivia
Globe League
Become a Host
Pub Owners
SporcleCon
Opinionation
Our Games
Videos
Blog
Mobile Apps
Partnerships
Remove Ads and Go Orange
Feedback
Music
Pop Music
The Beatles
Song
Album
Lyrics
Bands
Singers
Artist
Clip
Rock
Rap
Classical
Billboard
Country Music
Kpop
Taylor Swift
Music
Pop Music
The Beatles
Song
Album
Lyrics
Bands
Singers
Artist
Clip
Rock
Rap
Classical
Billboard
Country Music
Kpop
Taylor Swift
Random Quiz
Search Sporcle
×
Quiz Lab
Quiz Lab
Music
Singers
Type in answers that appear in a list
Type in answers that appear in a list
Classic
Best Score? Go Orange.
Sammy Davis Jr. Songs Stats
Can you name the Sammy Davis Jr. songs from the lyrics?
By
QuestionTime
6m
20 Questions
58 Plays
58 Plays
58 Plays
Comments
Comments
Give Quiz Kudos
Give Quiz Kudos
-
- Ratings
hide this ad
More Info
Forced Order
Answers have to be entered in order
Answers have to be entered in order
Replay
Link that replays current quiz
Next Quiz
Link to next quiz in quiz playlist
You Got
0%
They Got
Avg Score
29%
Avg Friend Score
Upgrade to see
Score Distribution
Jump to the score distribution portion of the page
Score
0/20
Timer
06:00
0
Plays Today
Lyrics
Song
% Correct
Who can take tomorrow, dip it in a dream, separate the sorrow and collect up all the cream
The Candy Man
96.6%
Most the time i spend behind these old county bars, you see son i drink's a bit
Mr. Bojangles
69%
You with the stars in your eyes, love never made a fool of you
Hey There
56.9%
I'll go it alone, that's how it must be
I've Gotta Be Me
53.4%
Let there be coo coos. A lark and a dove, but first of all please...
Let There Be Love
39.7%
An empty shell, a lonely cell in which, an empty heart must dwell
What Kind Of Fool am I?
34.5%
I've wined and dined on Mulligan stew, i've never wished for turkey, i've hitched and hiked and drifted too
The Lady is a Tramp
31%
When an irresistable force, such as you, meets an old immovable object like me
Something's Gotta Give
31%
Where somebody waits for me, sugar's sweet, so is she
Bye Bye Blackbird
24.1%
They say the skies are blue, and the dreams that you dare to dream, really do come true
Over The Rainbow
24.1%
Lyrics
Song
% Correct
Well I should stay away, but what can i do? I'm a flame, with a burning desire
That Old Black Magic
22.4%
And these few precious days i'll spend with you, these golden days
September song
19%
My heart wants to know and so i mut go, where destiny leads me
Who Can I Turn To? (When Nobody Needs Me)
15.5%
I'd rather be lonely than happy with somebody else
Love Me Or Leave Me
13.8%
Falling in love again, never wanted to, what am i to do? Can't help it
Falling In Love Again
13.8%
I fell like a giant, i sore like an eagle, as though i had wings
Once in a Lifetime
12.1%
My world would be a beautiful place, where we can weave such beautiful dreams
If I Ruled The World
8.6%
When see a dame, change the shape of that frame
Guys And Dolls
8.6%
I only live for your love and your kiss, it's paradise to be near you like this
Because Of You
8.6%
I used to visit all the very gay places, those come-
what-
may places
Lush Life
8.6%
Quiz Playlist
Details
Report
Send in Message
Add To Playlist
More Info:
These songs were all sung by Sammy Davis Jr. and all the lyrics are specifically from his versions of the song.
Classic:
Type in answers that appear in a list
Forced Order:
Answers have to be entered in order
Last Updated: Feb 16, 2017
Quiz Scoreboard
CHALLENGE
Sign Up to Join the Scoreboard
Show All
Scores
Hide
Comments
May contain spoilers
Recently Published
Click the 1999 NBA Draft
by nibperrychub
Sports
2m
Alphabetical 'K' Countries by Flag Minefield
by ylime102
Geography
3m
Pick 6: Fruits
by JohnFran
Miscellaneous
15s
More to Explore
Quiz From the Vault
Featured Blog Post
15 Basketball Trivia Facts You Can Be March Mad About
hide this ad
You Might Also Like...
Tags
Singers Quiz
Song Quiz
Davis
Frank Sinatra
junior
Musical Songs
Music Awards
Musician
Rat Pack
Sammy
Song Covers
Today's Top Quizzes in Music
Browse Music
hide this ad
Today's Top Quizzes in Singers
Browse Singers
Top Contributed Quizzes in Music
1
Taylor Swift All Songs (2024)
2
KPOP LOGIC QUIZ
3
A Taylor Swift Logic Puzzle
4
Guess the Taylor Swift song (Mystery Song)
5
Taylor Swift Logic Puzzle
6
K-Pop Murder Mystery Logic Quiz
7
kpop group name match up
8
Guess The Taylor Swift Lyrics Song #1
9
Kpop murder mystery 1
10
K-Pop : 100 Debut Songs (Part 1 of 3)
Explore More
Trending Topics
Disney
NBA
Marvel
Anime
Kpop
Crossword
Harry Potter
The Office
WWE
Country
Soccer
Pokémon
Song
NFL
Puzzle
hide this ad
More By:
QuestionTime
Quiz
Plays
Rating
Category
Featured
Created
General Treasure Hunt
2,648
3.17
Miscellaneous
Aug 9, 2011
Grand Theft Auto Vehicles
910
4.33
Gaming
Aug 16, 2011
Mortal Kombat Movie Trivia
429
2.75
Movies
Aug 6, 2011
Mortal Kombat 2011 Kharacters
184
3.50
Gaming
Aug 6, 2011
Sammy Davis Jr. Songs
58
4.50
Music
Aug 17, 2011
Go to Creator's Profile
Score Distribution
Quiz Creator Spotlight
QuestionTime
Follow
Send a Message
Quizzes Created
-
Created Quiz Play Count
-
More By This Creator
Popular Quizzes Today
1
Countries of Asia Without Outlines Minefield
2
Find the US States - No Outlines Minefield
3
Pick 6: Fruits
4
Alphabetical 'K' Countries by Flag Minefield
5
The Countries of the World
6
Find the US States
7
US States
8
Match the Book to the Film X
More Music Quizzes
Figure Out the Lyrics - Taylor Swift XXII
Quiz Lab
Trending Quizzes
Pick 6: Harry Potter
Pick 6: Mountains
Pick 6: NFL Teams
Pick 6: Flags
Pick 6: Movie Franchises
Recently Updated
NWSL Teams
pecheneg
Women's Final Four Teams by Year
bhenderson79
Presidents Quartet II
eogle
Anything But Clue(do)
eogle
Anything But Oceanian Capitals
eogle
Anything But 7
eogle
Anything But Thing
eogle
Word Ladder: February 29
pecheneg
Song Title Questions
pecheneg
Women's NCAA Tournament #1 Seeds
pecheneg
Trending Topics
Kpop
NBA
Harry Potter
Disney
Anime
Crossword
Marvel
WWE
Country
Soccer
The Office
Pokémon
Puzzle
Song
NFL
Your Account Isn't Verified!
In order to create a playlist on Sporcle, you need to verify the email address you used during registration. Go to your
Sporcle Settings
to finish the process.
Report this User
Report this user for behavior that violates our
Community Guidelines
.
Details:
Send Report
Go to the Sporcle.com Mobile Site →
Comments